00288nam a2200097Ia 4500008004100000100002600041245005500067260004200122260000900164999001700173170620s9999 xx 000 0 und d aNarasaiah- M. Lakshmi 0aInformation Communication Technology and Education bNew Delhi- Discovery Publishing House c2007 c24218d24218